'G' Pictures by Category Quiz Stats

 Plays Quiz Updated Jan 29, 2014

Support Sporcle.
Go Orange.
Score 0/30 Timer 04:00
3 Plays Today
Picture name % Correct
Grapes
95.8%
FoodGarlic
94.4%
Gnome
93.8%
OccupationsGuitarist
93.4%
Great Wall of China
92.9%
VerbsGrill
91.4%
Tourist AttractionsGrand Canyon
91.2%
Genie
90.1%
Gamble
88.7%
Golden Gate Bridge
87.7%
Guacamole
86.8%
Giza Pyramid
86.1%
Garbage Collector
85.8%
Groomer
81.4%
Governor
79.1%
Picture name % Correct
Glide
78.1%
General Electric
77.9%
Granola
77.6%
Grin
77.4%
Greyhound
76.3%
Gumdrops
70.6%
Groundskeeper
68.9%
LogosGucci
66.6%
Griffin
66.6%
General Mills
64.9%
Glow
64%
Mythical CreaturesGiant
55.1%
Goblin
53%
Girl Scouts
52.4%
Guggenheim Museum
36.5%

From the Vault

Tecmo Super Bowl RBs

by AdmiralMaxtreme

Gaming 6m
If you guessed 'QB Eagles' as the running back for the Eagles, we completely understand.
Remove Ads.
Support Sporcle.
Get the best of Sporcle when you Go Orange. This ad-free experience offers more features, more stats, and more fun while also helping to support Sporcle. Thank you for becoming a member.

Show Comments

Extras

Top Quizzes Today


Score Distribution

Your Account Isn't Verified!

In order to create a playlist on Sporcle, you need to verify the email address you used during registration. Go to your Sporcle Settings to finish the process.

Report this User

Report this user for behavior that violates our Community Guidelines.

Details: